PATRIOTAS DE LA MUERTE (Record no. 74532)
[ view plain ]
| 000 -CABECERA | |
|---|---|
| campo de control de longitud fija | 00482nam a2200181Ia 4500 |
| 001 - NÚMERO DE CONTROL | |
| campo de control | 26187 |
| 005 - FECHA Y HORA DE LA ÚLTIMA TRANSACCIÓN | |
| campo de control | 20260414093237.0 |
| 008 - CÓDIGOS DE INFORMACIÓN DE LONGITUD FIJA | |
| campo de control de longitud fija | 260115s9999 xx 000 0 und d |
| 035 ## - NÚMERO DE CONTROL DEL SISTEMA | |
| Número de control de sistema | 17538 |
| 090 ## - LOCALMENTE ASIGNADO TIPO-LC NÚMERO DE CLASIFICACIÓN (OCLC); NÚMERO DE CLASIFICACIÓN LOCAL (RLIN) | |
| Número de clasificación (OCLC) (R) ; Numero de clasificación CALL (RLIN) (NR) | 323.282 |
| 100 ## - PUNTO DE ACCESO PRINCIPAL - NOMBRE DE PERSONA | |
| Nombre de persona | REINARES FERNANDO |
| 245 #0 - MENCIÓN DE TÍTULO | |
| Título | PATRIOTAS DE LA MUERTE |
| 260 ## - PUBLICACIÓN, DISTRIBUCIÓN, ETC. (PIE DE IMPRENTA) | |
| Nombre del editor distribuidor etc. | TAURUS |
| Fecha de publicación distribución etc. | 2001 |
| 630 ## - PUNTO DE ACCESO ADICIONAL DE MATERIA--TÍTULO UNIFORME | |
| Título uniforme | TERRORISMO |
| 650 ## - PUNTO DE ACCESO ADICIONAL DE MATERIA--TÉRMINO DE MATERIA | |
| Término de materia o nombre geográfico como elemento inicial | TERRORISMO |
| 942 ## - ELEMENTOS DE PUNTO DE ACCESO ADICIONAL (KOHA) | |
| Tipo de ítem Koha | Monografías |
| 901 ## - ELEMENTOS DE DATOS A LOCAL LDA (RLIN) | |
| a | FH |
| b | FH |
| y | BK |
| p | SEH_26187 |
| i | 23790 |
| j | 323282 |
| c | GENERAL |
| t | 1 |
| z | 24 CTMS. 207 PAGS. 2400 PTAS. MADRID |
| x | 1 |
| Estado de retiro | Estado de pérdida | Estado dañado | No para préstamo | Localización permanente | Ubicación/localización actual | Ubicación en estantería | Fecha de adquisición | Número de inventario | Número de control en estantería | Número de registro | Total de préstamos | Código de barras | Fecha visto por última vez | Número de copia | Precio válido a partir de | Tipo de ítem Koha | Nota pública |
|---|---|---|---|---|---|---|---|---|---|---|---|---|---|---|---|---|---|
| Servicio de Estudios Históricos | Servicio de Estudios Históricos | 14/04/2026 | 23790 | 127 | 23790 | SEH_26187 | 14/04/2026 | 1 | 14/04/2026 | Monografías | 24 CTMS. 207 PAGS. 2400 PTAS. MADRID |
